000 00734nam a2200289Ia 4500
005 20260324123001.0
008 008 260324s9999 xx 000 0 eng d
020 _a9780203141205
037 _aEBOOK
040 _aCRL
040 _beng
040 _cCRL
041 _2eng
041 _aeng
084 _qCRL
100 _aPetri Suomala; Jouni Lyly-Yrjänäinen
_91168585
245 0 _aManagement Accounting Research in Practice
245 0 _bLessons Learned from an Interventionist Approach
260 _bTaylor and Francis
260 _c2012
365 _a
365 _b255
856 _uhttp://www.taylorfrancis.com/books/9780203141205
942 _cEBOOK
999 _c1761704
_d1761704